| 000 | 01119nam a2200265 a 4500 | ||
|---|---|---|---|
| 001 | 000005356 | ||
| 005 | 20200929151643.0 | ||
| 008 | 090819s1994 sp 001 0 spa d | ||
| 020 | _a8400074297 | ||
| 040 |
_aDO-SdBNP _bspa _cBNPHU |
||
| 082 |
_a340.0946 _bS689i |
||
| 100 | 1 |
_aSolórzano y Pereira, Juan de, _915192 |
|
| 245 | 1 | 0 |
_aDe indiarum iure : _b(liber III : de retentione indiarum) / _cJuan De Solorzano Pereira, C. Baciero, F. Cantelar, A. Garía, J.M. García Añoveros, F. Maseda, L.Pereña, J.M. Pérez-Prendes. |
| 260 |
_aMadrid, España : _bConsejo Superior de Investigaciones Científicas, _c1994. |
||
| 490 | 1 |
_aCorpus Hispanorum de Pace ; _v1 |
|
| 500 | _aIncluye tabla de contenido | ||
| 500 | _aIncluye índice bibliográfico | ||
| 600 | 1 | 4 |
_aSolórzano y Pereira, Juan de, _d1575-1655 _xHISTORIA Y CRÍTICA _915193 |
| 650 | 4 |
_aIndigenas _xSituación legal _915194 |
|
| 650 | 4 |
_aDerecho colonial _zAmérica _915195 |
|
| 651 | 4 |
_aEspaña _xColonias _zAmérica _xAdministración _915196 |
|
| 651 | 4 |
_aAmérica _xColonización _915197 |
|
| 830 | 0 |
_aCorpus Hispanorum de Pace ; _n1 _915198 |
|
| 049 | _aBNPD | ||
| 999 |
_c5157 _d5157 |
||